Giáp mặt với Phượng Hoàng CIA và thất bại chính trị của Hoa Kỳ ở Việt Nam

Sách nói về chiến thuật dùng đội nữ biệt kích gọi tên là Phượng Hoàng rất hữu hiệu trong tác chiến của liên quân Mỹ - Việt Cộng hòa trong chiến tranh ở Việt Nam 1960 - 1975

Saved in:
Bibliographic Details
Main Author: Zalin Grant
Format: Book
Language:Undetermined
Published: Tp. HCM Nxb. Tp. HCM 1993
Subjects:
Tags: Add Tag
No Tags, Be the first to tag this record!
Institutions: Trung tâm Học liệu Trường Đại học Cần Thơ
LEADER 00898nam a2200193Ia 4500
001 CTU_6036
008 210402s9999 xx 000 0 und d
082 |a 355.07 
082 |b G763 
100 |a Zalin Grant 
245 0 |a Giáp mặt với Phượng Hoàng CIA và thất bại chính trị của Hoa Kỳ ở Việt Nam 
245 0 |c Zalin Grant 
260 |a Tp. HCM 
260 |b Nxb. Tp. HCM 
260 |c 1993 
520 |a Sách nói về chiến thuật dùng đội nữ biệt kích gọi tên là Phượng Hoàng rất hữu hiệu trong tác chiến của liên quân Mỹ - Việt Cộng hòa trong chiến tranh ở Việt Nam 1960 - 1975 
650 |a military art and science,vietnamese conflict, 1960 - 1975 
904 |i Nguyễn Quang Điền, 960809 
980 |a Trung tâm Học liệu Trường Đại học Cần Thơ